Normal view
MARC view
- Green
Entry Personal Name
001 - CONTROL NUMBER
- control field: 91794
003 - CONTROL NUMBER IDENTIFIER
- control field: NUST
005 - DATE AND TIME OF LATEST TRANSACTION
- control field: 20220524110448.0
008 - FIXED-LENGTH DATA ELEMENTS
- fixed length control field: 220524|| aca||aabn | a|a d
040 ## - CATALOGING SOURCE
- Original cataloging agency: NUST
- Transcribing agency: NUST
100 ## - HEADING--PERSONAL NAME
- Personal name: Green
670 ## - SOURCE DATA FOUND
- Source citation: Work cat.: (NUST): Green, Relativity /, 2022
